Detekcia ruky v 2D obraze vo funkcii kurzora
Enregistré dans:
| Auteur principal: | |
|---|---|
| Autres auteurs: | |
| Format: | Manuscrit Livre |
| Langue: | slovaque |
| Publié: |
2015
|
| Sujets: | |
| Accès en ligne: | http://is.stuba.sk/zp/portal_zp.pl?podrobnosti=88645 |
| Tags: |
Pas de tags, Soyez le premier à ajouter un tag!
|
MARC
| LEADER | 00000ntm a22000003a 4500 | ||
|---|---|---|---|
| 001 | stuzp43437 | ||
| 003 | SK-STU | ||
| 005 | 20160719153036.9 | ||
| 007 | ta | ||
| 008 | 150427s2015----xo-----f-mn---000-0-slo-d | ||
| 040 | |a STU |b slo | ||
| 041 | 0 | |a slo | |
| 100 | 1 | |a Kocsi, Zoltán |u 035000 |4 aut |U FEI Fakulta elektrotechniky a informatiky |T FEI Ústav informatiky a matematiky |X 8792 |U E050 |Y 816 |7 8792 | |
| 242 | 0 | 1 | |a Detekcia ruky v 2D obraze vo funkcii kurzora |y eng |
| 245 | 1 | 0 | |a Detekcia ruky v 2D obraze vo funkcii kurzora |
| 260 | |c 2015 | ||
| 300 | |a 41 s. |b CD-ROM | ||
| 650 | 4 | |a Spracovanie obrazu |2 slo | |
| 650 | 4 | |a vyhodnotenie gest |2 slo | |
| 650 | 4 | |a segmentácia pozadia |2 slo | |
| 650 | 4 | |a detekcia končekov prstov |2 slo | |
| 650 | 4 | |a image processing |2 eng | |
| 650 | 4 | |a segmentation of background |2 eng | |
| 650 | 4 | |a fingertrip detection |2 eng | |
| 650 | 4 | |a gesture recognition |2 eng | |
| 700 | 1 | |a Hagara, Miroslav |4 ths |X 1914 |7 A000001914 | |
| 856 | 4 | |u http://is.stuba.sk/zp/portal_zp.pl?podrobnosti=88645 | |
| 996 | |b 284ER01887 |c E*Bc- 1887 |l EE35 |s P |a 0 |w stuzp43437_0001 | ||
| SQL | |a stuzp43437 |b DBP |c SLO |d Detekcia ruky v 2D obraze vo funkcii kurzora |e 8792 |f Kocsi, Zoltán |g 035000 |h 1914 |i Hagara, Miroslav |j 20150708 |k 73 |l 03 |m http://is.stuba.sk/zp/portal_zp.pl?podrobnosti=88645 |n B-API |o 9.2.9. aplikovaná informatika | ||